[Event "EU-ch Seniors 65 22nd"]
[Site "Acqui Terme"]
[Date "2023.06.03"]
[Round "9"]
[White "Maiffret, Patrick"]
[Black "Myall, Ivan J"]
[Result "1-0"]
[WhiteElo "1761"]
[BlackElo "1924"]
[PlyCount "97"]
[EventDate "2023.05.26"]
[EventType "swiss"]
[EventRounds "9"]
[EventCountry "ITA"]
[SourceTitle "CBM 214 Extra"]
[Source "ChessBase"]
[SourceDate "2023.07.31"]
[SourceVersion "1"]
[SourceVersionDate "2023.07.31"]
[SourceQuality "1"]

1. c4 b6 2. Nf3 Bb7 3. g3 e6 4. Bg2 Nf6 5. 0-0 d5 6. cxd5 exd5 7. d4 Bd6 8. Nc3 a6 9. Bf4 Bxf4 10. gxf4 Qd6 11. e3 Nbd7 12. Rc1 h6 13. Ne5 g5 14. Re1 Kf8 15. Qd3 Kg7 16. fxg5 hxg5 17. Qf5 Rag8 18. Re2 Kf8 19. Nxd5 Bxd5 20. Bxd5 Nxe5 21. dxe5 Qxd5 22. Qxf6 Rh4 23. f3 Rg6 24. Qf5 g4 25. Rg2 Qd8 26. fxg4 Rg5 27. Qf6 Qxf6 28. exf6 Rhxg4 29. Rxg4 Rxg4+ 30. Kf2 c5 31. Rd1 Ke8 32. Rd6 Rb4 33. b3 a5 34. Kf3 b5 35. e4 a4 36. bxa4 Rxa4 37. Rb6 b4 38. e5 c4 39. Rb8+ Kd7 40. Rb7+ Ke8 41. Re7+ Kd8 42. Rxf7 c3 43. Rb7 Kc8 44. f7 Kxb7 45. f8Q c2 46. Qc5 Rxa2 47. Qxb4+ Ka7 48. Qc5+ Ka8 49. e6 1-0

[Event "EU-ch Seniors 65 22nd"]
[Site "Acqui Terme"]
[Date "2023.06.01"]
[Round "7"]
[White "Schmuki, Roman"]
[Black "Maiffret, Patrick"]
[Result "1/2-1/2"]
[WhiteElo "1932"]
[BlackElo "1761"]
[PlyCount "32"]
[EventDate "2023.05.26"]
[EventType "swiss"]
[EventRounds "9"]
[EventCountry "ITA"]
[SourceTitle "CBM 214 Extra"]
[Source "ChessBase"]
[SourceDate "2023.07.31"]
[SourceVersion "1"]
[SourceVersionDate "2023.07.31"]
[SourceQuality "1"]

1. e4 c6 2. d4 d5 3. exd5 cxd5 4. c4 Nf6 5. Nc3 g6 6. Qb3 Bg7 7. cxd5 0-0 8. Bd3 Nbd7 9. Nge2 Nb6 10. 0-0 Nfxd5 11. h3 Be6 12. Qd1 Rc8 13. Re1 Nxc3 14. bxc3 Bc4 15. a4 Bxd3 16. Qxd3 e5 1/2-1/2

[Event "FRA-ch op-B"]
[Site "Caen"]
[Date "2011.08.17"]
[Round "2"]
[White "Scamps, Guillaume"]
[Black "Maiffret, Patrick"]
[Result "1-0"]
[WhiteElo "1858"]
[BlackElo "1950"]
[PlyCount "51"]
[EventDate "2011.08.16"]
[EventType "swiss"]
[EventRounds "11"]
[EventCountry "FRA"]
[SourceTitle "EXT 2012"]
[Source "ChessBase"]
[SourceDate "2011.11.24"]
[SourceVersion "1"]
[SourceVersionDate "2011.11.24"]
[SourceQuality "1"]

1. d4 d5 2. Nf3 c6 3. c4 Nf6 4. cxd5 cxd5 5. Nc3 Nc6 6. Bf4 Ne4 7. e3 Nxc3 8. bxc3 g6 9. Bd3 Bg7 10. 0-0 0-0 11. c4 Nb4 12. cxd5 Nxd3 13. Qxd3 Qxd5 14. e4 Qa5 15. Rfc1 b6 16. Rc7 Ba6 17. Qb3 e6 18. Ne5 Bxe5 19. Bxe5 Rfc8 20. Qf3 f5 21. Rg7+ Kf8 22. Rxh7 Qxa2 23. Rh8+ Kf7 24. Rh7+ Kf8 25. Re1 Qd2 26. Qa3+ 1-0

[Event "FRA-chT3 Gr01 0607"]
[Site "France"]
[Date "2007.04.01"]
[Round "9.7"]
[White "Radic, Milan"]
[Black "Maiffret, Patrick"]
[Result "0-1"]
[WhiteElo "1499"]
[BlackElo "1972"]
[PlyCount "142"]
[EventDate "2006.10.15"]
[EventType "team"]
[EventRounds "9"]
[EventCountry "FRA"]
[SourceTitle "EXT 2008"]
[Source "ChessBase"]
[SourceDate "2007.11.25"]
[SourceVersion "1"]
[SourceVersionDate "2007.11.25"]
[SourceQuality "1"]

1. d4 Nf6 2. Nf3 e6 3. Bf4 c5 4. e3 Nc6 5. Bd3 b6 6. c3 Be7 7. Nbd2 d6 8. h3 0-0 9. 0-0 Qc7 10. a4 cxd4 11. exd4 Bb7 12. b4 Nd5 13. Bh2 Nxc3 14. Qb3 Nd5 15. Rac1 Qd7 16. b5 Ncb4 17. Be4 Rac8 18. Qb1 f5 19. Bxd5 Nxd5 20. Nc4 Rc7 21. Nfd2 Nf6 22. Qd3 Ne4 23. f3 Nxd2 24. Qxd2 Rfc8 25. Ne3 Bg5 26. f4 Bf6 27. Rxc7 Qxc7 28. d5 Bc3 29. Qd3 exd5 30. Nxf5 Bf6 31. Kh1 Qd7 32. Nd4 Rc4 33. Qf5 Qe7 34. Nc6 Qf7 35. a5 Bxc6 36. bxc6 Rxc6 37. axb6 axb6 38. Qd3 d4 39. Bg1 Rc3 40. Qb5 h6 41. Qxb6 Qd5 42. Qb8+ Kh7 43. Qb1+ d3 44. Kh2 Rc2 45. Bf2 Bd4 46. Kg1 Qc5 47. Bxd4 Qxd4+ 48. Kh1 Qe4 49. Rf3 Qc6 50. Qb3 d2 51. Qd3+ Kh8 52. Kh2 Rb2 53. Rg3 d5 54. Qd4 Qf6 55. Qxd5 Qxf4 56. Qd8+ Kh7 57. Qd3+ Kg8 58. Qd8+ Qf8 59. Qd5+ Kh8 60. Qd4 Qf6 61. Qd3 Qb6 62. Qd7 Qf6 63. Qe8+ Kh7 64. Qe4+ g6 65. Qd3 h5 66. Qd7+ Kh6 67. Qd3 h4 68. Qe3+ g5 69. Rf3 Qd6+ 70. g3 d1Q+ 71. Rf2 Qxg3+ 0-1

[Event "IECG QA.2005.0.00064"]
[Site "IECG email"]
[Date "2005.04.28"]
[Round "?"]
[White "Bernal Varela, Nelson"]
[Black "Maiffret, Patrick"]
[Result "1-0"]
[WhiteElo "2033"]
[BlackElo "2032"]
[PlyCount "35"]
[EventDate "2005.04.28"]
[EventType "tourn (corr)"]
[EventRounds "6"]
[SourceTitle "Corr 2008"]
[Source "ChessBase"]
[SourceDate "2008.06.24"]
[SourceVersion "1"]
[SourceVersionDate "2008.06.24"]
[SourceQuality "1"]

1. e4 d6 2. d4 Nf6 3. Nc3 g6 4. Bf4 c6 5. Qd2 Nbd7 6. Nf3 Qa5 7. h3 e5 8. Be3 Bg7 9. a3 0-0 10. 0-0-0 b5 11. dxe5 dxe5 12. Qd6 Bb7 13. Nd2 Rfc8 14. Nb3 Qd8 15. g4 a5 16. g5 Nd5 17. exd5 Bf8 18. Nc5 1-0

[Event "IECG CA.2005.0.00150"]
[Site "IECG email"]
[Date "2005.04.24"]
[Round "?"]
[White "Maiffret, Patrick"]
[Black "Jimenez Garcia, Pedro Jose"]
[Result "0-1"]
[WhiteElo "2032"]
[BlackElo "2075"]
[PlyCount "44"]
[EventDate "2005.04.24"]
[EventType "tourn (corr)"]
[EventRounds "6"]
[SourceTitle "Corr 2008"]
[Source "ChessBase"]
[SourceDate "2008.06.24"]
[SourceVersion "1"]
[SourceVersionDate "2008.06.24"]
[SourceQuality "1"]

1. d4 Nf6 2. c4 c5 3. d5 b5 4. cxb5 a6 5. bxa6 g6 6. Nc3 Bxa6 7. Nf3 d6 8. g3 Bg7 9. Bg2 Nbd7 10. 0-0 0-0 11. Rb1 Qa5 12. Bd2 Rfb8 13. b3 Ng4 14. Qc2 Nge5 15. Nxe5 Nxe5 16. a4 Qb6 17. h3 Rb7 18. Kh2 Rab8 19. Be3 Qc7 20. f4 Nd7 21. Bg1 c4 22. b4 Rxb4 0-1

[Event "IECG CA.2005.0.00150"]
[Site "IECG email"]
[Date "2005.04.19"]
[Round "?"]
[White "Valdivie Rodriguez, Alejandro"]
[Black "Maiffret, Patrick"]
[Result "1-0"]
[WhiteElo "2106"]
[BlackElo "2032"]
[PlyCount "35"]
[EventDate "2005.04.24"]
[EventType "tourn (corr)"]
[EventRounds "6"]
[SourceTitle "Corr 2024"]
[Source "ChessBase"]
[SourceDate "2023.10.19"]
[SourceVersion "1"]
[SourceVersionDate "2023.10.19"]
[SourceQuality "1"]

1. e4 d6 2. d4 Nf6 3. Nc3 g6 4. f4 Bg7 5. Nf3 c5 6. Bb5+ Bd7 7. e5 Ng4 8. e6 fxe6 9. Ng5 Bxb5 10. Nxb5 Qa5+ 11. c3 Qxb5 12. Nxe6 Qc4 13. Qxg4 cxd4 14. Nxg7+ Kf7 15. Nf5 Qe6+ 16. Ne3 dxe3 17. Qe2 Nc6 18. Bxe3 1-0

[Event "FRA-chT2 0304a"]
[Site "France"]
[Date "2004.04.04"]
[Round "11.8"]
[White "Maiffret, Patrick"]
[Black "Brethes, Francois"]
[Result "0-1"]
[WhiteElo "1995"]
[BlackElo "2088"]
[PlyCount "108"]
[EventDate "2003.10.??"]
[EventType "team"]
[EventRounds "11"]
[EventCountry "FRA"]
[SourceTitle "EXT 2005"]
[Source "ChessBase"]
[SourceDate "2004.11.15"]
[SourceVersion "1"]
[SourceVersionDate "2004.11.15"]
[SourceQuality "1"]
[WhiteTeam "Nice Alekhine"]
[BlackTeam "Toulouse"]
[WhiteTeamCountry "FRA"]
[BlackTeamCountry "FRA"]

1. Nf3 d5 2. c4 c6 3. d4 Nf6 4. Nc3 e6 5. e3 Nbd7 6. Qc2 Be7 7. b3 0-0 8. Bd3 Qc7 9. 0-0 b6 10. Bb2 Bb7 11. Rac1 dxc4 12. bxc4 c5 13. Qe2 a6 14. Rfd1 Rac8 15. Ng5 h6 16. Nge4 Rfd8 17. Ba3 Bf8 18. dxc5 Nxe4 19. Nxe4 Nxc5 20. Nxc5 Bxc5 21. Bb2 Bd6 22. h3 Bh2+ 23. Kf1 Be5 24. Kg1 Qc6 25. f3 Bxb2 26. Qxb2 Qc5 27. Qe2 a5 28. Kf2 Ba6 29. Qc2 Kh8 30. Qb3 Rd6 31. Be2 Rxd1 32. Rxd1 Bxc4 33. Bxc4 Qxc4 34. Qxc4 Rxc4 35. Rd2 Kh7 36. Rb2 Rc6 37. Ke2 Kg6 38. Kd3 Kf6 39. a4 Ke7 40. e4 Kd6 41. Kd4 Kc7 42. Kd3 Rc1 43. Ra2 Kd6 44. Kd4 Kc6 45. Ke5 Rc4 46. Kf4 b5 47. axb5+ Kxb5 48. Rb2+ Rb4 49. Rd2 a4 50. Rd7 a3 51. Rxf7 a2 52. Rb7+ Kc4 53. Ra7 Kb3 54. Ke5 Ra4 0-1

[Event "FRA-chT2 0304a"]
[Site "France"]
[Date "2004.03.13"]
[Round "8.8"]
[White "Delaplace, Thomas"]
[Black "Maiffret, Patrick"]
[Result "0-1"]
[WhiteElo "1960"]
[BlackElo "2008"]
[PlyCount "74"]
[EventDate "2003.10.??"]
[EventType "team"]
[EventRounds "11"]
[EventCountry "FRA"]
[SourceTitle "EXT 2005"]
[Source "ChessBase"]
[SourceDate "2004.11.15"]
[SourceVersion "1"]
[SourceVersionDate "2004.11.15"]
[SourceQuality "1"]
[WhiteTeam "Marseille Reciproque"]
[BlackTeam "Nice Alekhine"]
[WhiteTeamCountry "FRA"]
[BlackTeamCountry "FRA"]

1. e4 g6 2. d4 Bg7 3. Nc3 d6 4. Nf3 Nf6 5. Be2 0-0 6. Bf4 Bg4 7. Qd2 Nbd7 8. h3 Bxf3 9. Bxf3 e5 10. Be3 exd4 11. Bxd4 Ne5 12. Be2 Re8 13. Be3 Qd7 14. f4 Nc6 15. Bf3 Re7 16. g4 Qe8 17. g5 Nxe4 18. Nxe4 Rxe4 19. Bxe4 Qxe4 20. 0-0-0 Qa4 21. a3 b5 22. Qd5 b4 23. axb4 Re8 24. Rhe1 Qxb4 25. Qb3 Qa5 26. c3 Rb8 27. Qa3 Qb5 28. Qa2 Na5 29. b4 Nc4 30. Bd4 a5 31. Bxg7 Kxg7 32. Rd4 d5 33. f5 gxf5 34. Qc2 axb4 35. Re7 Rf8 36. Qxf5 bxc3 37. Rh4 Qb2+ 0-1

[Event "FRA-chT2 0304a"]
[Site "France"]
[Date "2004.01.17"]
[Round "5.8"]
[White "Pieroni, Guillaume"]
[Black "Maiffret, Patrick"]
[Result "1-0"]
[WhiteElo "2081"]
[BlackElo "2008"]
[PlyCount "67"]
[EventDate "2003.10.??"]
[EventType "team"]
[EventRounds "11"]
[EventCountry "FRA"]
[SourceTitle "EXT 2005"]
[Source "ChessBase"]
[SourceDate "2004.11.15"]
[SourceVersion "1"]
[SourceVersionDate "2004.11.15"]
[SourceQuality "1"]
[WhiteTeam "Avignon"]
[BlackTeam "Nice Alekhine"]
[WhiteTeamCountry "FRA"]
[BlackTeamCountry "FRA"]

1. e4 d6 2. d4 Nf6 3. Nc3 g6 4. f3 c6 5. Be3 b5 6. Qd2 Nbd7 7. Nh3 Qc7 8. g4 e5 9. Nf2 b4 10. Ne2 a5 11. Ng3 Nb6 12. h4 h5 13. g5 Nfd7 14. c3 bxc3 15. bxc3 Bg7 16. Be2 0-0 17. f4 c5 18. 0-0 Ba6 19. Bxa6 Rxa6 20. Qe2 Re8 21. f5 d5 22. Qf3 exd4 23. cxd4 Nc4 24. Nd1 Ndb6 25. e5 Nxe5 26. dxe5 Bxe5 27. Bf4 Bd4+ 28. Kg2 Qd7 29. Rb1 Nc4 30. Qd3 Bg7 31. fxg6 fxg6 32. Qxg6 Qg4 33. Rb7 Re2+ 34. Nf2 1-0

[Event "IECG CA.2003.0.00086 email"]
[Site "IECG email"]
[Date "2003.03.16"]
[Round "1"]
[White "Ackley, Peter JE"]
[Black "Maiffret, Patrick"]
[Result "1-0"]
[WhiteElo "2000"]
[BlackElo "2055"]
[PlyCount "37"]
[EventDate "2003.03.16"]
[EventType "tourn (corr)"]
[EventRounds "6"]
[SourceTitle "Corr 2008"]
[Source "ChessBase"]
[SourceDate "2008.06.24"]
[SourceVersion "1"]
[SourceVersionDate "2008.06.24"]
[SourceQuality "1"]

1. Nc3 c5 2. Nf3 Nc6 3. d4 Nf6 4. d5 Nb8 5. e4 d6 6. h3 g6 7. Bd3 Bg7 8. 0-0 0-0 9. Bf4 Nbd7 10. Qd2 Qc7 11. Nb5 Qb8 12. a4 c4 13. Bxc4 Nxe4 14. Qe3 Ndf6 15. Rfe1 a6 16. Nbd4 Qc7 17. b3 Bd7 18. g4 b5 19. axb5 1-0

[Event "IECG CA.2003.0.00086 email"]
[Site "IECG email"]
[Date "2003.03.16"]
[Round "1"]
[White "Maiffret, Patrick"]
[Black "Hamalainen, Sami"]
[Result "0-1"]
[WhiteElo "2055"]
[BlackElo "2027"]
[PlyCount "24"]
[EventDate "2003.03.16"]
[EventType "tourn (corr)"]
[EventRounds "6"]
[SourceTitle "Corr 2024"]
[Source "ChessBase"]
[SourceDate "2023.10.19"]
[SourceVersion "1"]
[SourceVersionDate "2023.10.19"]
[SourceQuality "1"]

1. e4 e5 2. Nf3 Nc6 3. Bb5 Nf6 4. d3 d6 5. c3 g6 6. 0-0 Bg7 7. Re1 0-0 8. Nbd2 a6 9. Ba4 Nd7 10. Nf1 Nc5 11. Bxc6 bxc6 12. d4 Nd7 0-1

[Event "IECG CA.2003.0.00086 email"]
[Site "IECG email"]
[Date "2003.03.16"]
[Round "1"]
[White "Maiffret, Patrick"]
[Black "Valverde Toresano, Andres"]
[Result "0-1"]
[WhiteElo "2055"]
[BlackElo "2153"]
[PlyCount "40"]
[EventDate "2003.03.16"]
[EventType "tourn (corr)"]
[EventRounds "6"]
[SourceTitle "Corr 2008"]
[Source "ChessBase"]
[SourceDate "2008.06.24"]
[SourceVersion "1"]
[SourceVersionDate "2008.06.24"]
[SourceQuality "1"]

1. e4 c5 2. Nf3 e6 3. d4 cxd4 4. Nxd4 a6 5. Bd3 Bc5 6. c3 Nc6 7. Be3 Qb6 8. Nd2 Qxb2 9. 0-0 Bxd4 10. cxd4 d5 11. Qg4 Kf8 12. e5 f5 13. Qg5 Qa3 14. Nb3 Qe7 15. Qg3 Qf7 16. Rab1 h5 17. Bg5 Nh6 18. Qh4 Qc7 19. Rfc1 Nf7 20. Bd2 Qd8 0-1

[Event "CFriend SH-2003-0-00003 email"]
[Site "Chessfriend.com"]
[Date "2003.02.19"]
[Round "?"]
[White "Maiffret, Patrick"]
[Black "Evans, Gordon R"]
[Result "0-1"]
[WhiteElo "2055"]
[BlackElo "2309"]
[PlyCount "56"]
[EventDate "2003.02.19"]
[EventType "tourn (corr)"]
[EventRounds "10"]
[SourceTitle "Corr 2008"]
[Source "ChessBase"]
[SourceDate "2008.06.24"]
[SourceVersion "1"]
[SourceVersionDate "2008.06.24"]
[SourceQuality "1"]

1. e4 e6 2. d4 d5 3. Nc3 Bb4 4. e5 c5 5. a3 Bxc3+ 6. bxc3 Ne7 7. Qg4 0-0 8. Bd3 Qa5 9. Bd2 Nbc6 10. Nf3 f5 11. exf6 Rxf6 12. Qh5 Nf5 13. dxc5 Qxc5 14. g4 Nh6 15. g5 g6 16. Qh3 e5 17. Qg2 Rxf3 18. Qxf3 e4 19. Qe3 Qxe3+ 20. Bxe3 exd3 21. gxh6 dxc2 22. Kd2 Bf5 23. Ra2 Ne5 24. Bd4 Nc4+ 25. Kc1 Re8 26. Rg1 Re2 27. Rb2 b6 28. Rb5 Nd2 0-1

[Event "FRA-chT2"]
[Site "France"]
[Date "2002.02.03"]
[Round "7"]
[White "Maiffret, Patrick"]
[Black "Andrianirainy, Danielle"]
[Result "1/2-1/2"]
[WhiteElo "2072"]
[BlackElo "1950"]
[PlyCount "53"]
[EventDate "2002.??.??"]
[EventType "team"]
[EventRounds "11"]
[EventCountry "FRA"]
[SourceTitle "EXT 2003"]
[Source "ChessBase"]
[SourceDate "2002.11.25"]
[SourceVersion "1"]
[SourceVersionDate "2002.11.25"]
[SourceQuality "1"]

1. Nf3 d5 2. c4 d4 3. e3 c5 4. exd4 cxd4 5. d3 Nc6 6. g3 Bg4 7. Bg2 Qa5+ 8. Bd2 Qf5 9. Qe2 Rd8 10. h3 Bxf3 11. Bxf3 Nf6 12. g4 Qc8 13. Bf4 e6 14. Nd2 Bd6 15. Bxd6 Rxd6 16. g5 Ng8 17. Ne4 Rd8 18. c5 Qc7 19. Bh5 g6 20. Bg4 Nge7 21. Nd6+ Kf8 22. h4 Nf5 23. Bxf5 gxf5 24. Qh5 Kg8 25. 0-0 Ne5 26. Qe2 Ng4 27. b4 1/2-1/2

[Event "IECG RA.2002.0.00008"]
[Site "IECG email"]
[Date "2002.01.01"]
[Round "?"]
[White "Wurschner, Miroslav"]
[Black "Maiffret, Patrick"]
[Result "1/2-1/2"]
[WhiteElo "2142"]
[BlackElo "2085"]
[PlyCount "46"]
[EventDate "2002.01.01"]
[EventType "tourn (corr)"]
[EventRounds "6"]
[SourceTitle "Corr 2008"]
[Source "ChessBase"]
[SourceDate "2008.06.24"]
[SourceVersion "1"]
[SourceVersionDate "2008.06.24"]
[SourceQuality "1"]

1. e4 e6 2. d4 d5 3. Nc3 Nf6 4. e5 Nfd7 5. f4 c5 6. Nf3 Nc6 7. Be3 a6 8. Qd2 b5 9. dxc5 Bxc5 10. Bxc5 Nxc5 11. Qf2 Qb6 12. b4 Nxb4 13. Rb1 d4 14. Nxd4 Qa5 15. Ndxb5 Ne4 16. Qf3 Nd5 17. Qxe4 axb5 18. Rb3 Nxc3 19. Qc6+ Bd7 20. Qxc3 Qxc3+ 21. Rxc3 Rxa2 22. Kd2 Ke7 23. Bd3 h6 1/2-1/2

[Event "IECG QA.2001.0.00012"]
[Site "IECG email"]
[Date "2001.12.04"]
[Round "1"]
[White "Maiffret, Patrick"]
[Black "Peto, Peter"]
[Result "1-0"]
[WhiteElo "2085"]
[BlackElo "2083"]
[PlyCount "51"]
[EventDate "2001.12.04"]
[EventType "tourn (corr)"]
[EventRounds "6"]
[SourceTitle "Corr 2024"]
[Source "ChessBase"]
[SourceDate "2023.10.19"]
[SourceVersion "1"]
[SourceVersionDate "2023.10.19"]
[SourceQuality "1"]

1. Nf3 Nf6 2. c4 g6 3. Nc3 Bg7 4. g3 0-0 5. Bg2 d6 6. 0-0 e5 7. d4 Nc6 8. d5 Ne7 9. e4 c6 10. Ne1 cxd5 11. cxd5 Ne8 12. Nd3 f5 13. f3 Qb6+ 14. Kh1 Nf6 15. Qe2 Bd7 16. Be3 Qd8 17. a4 Qe8 18. a5 a6 19. Qc2 Qf7 20. Qb3 Rfb8 21. Qb4 Nc8 22. f4 exf4 23. Nxf4 Ng4 24. Bg1 Be5 25. Ne6 Bxc3 26. bxc3 1-0

[Event "IECG TE.2001.P.00810 email"]
[Site "IECG email"]
[Date "2001.10.05"]
[Round "?"]
[White "Rouse, Philip"]
[Black "Maiffret, Patrick"]
[Result "1/2-1/2"]
[WhiteElo "1325"]
[BlackElo "2083"]
[PlyCount "42"]
[EventDate "2001.10.05"]
[EventType "tourn (corr)"]
[EventRounds "12"]
[SourceTitle "Corr 2008"]
[Source "ChessBase"]
[SourceDate "2008.06.24"]
[SourceVersion "1"]
[SourceVersionDate "2008.06.24"]
[SourceQuality "1"]

1. e4 d6 2. d4 Nf6 3. Nc3 g6 4. Nf3 Bg7 5. Be3 0-0 6. Qd2 Ng4 7. Bg5 f6 8. Bh4 Bh6 9. Qd1 Bg7 10. Bc4+ Kh8 11. 0-0 c6 12. Bb3 Nd7 13. h3 Nh6 14. Qd3 Qe8 15. Rad1 e5 16. dxe5 dxe5 17. Qe3 Qe7 18. Rd2 Nc5 19. Rfd1 Nxb3 20. axb3 Nf7 21. Rd3 Be6 1/2-1/2

[Event "IECG CA.2001.0.00020"]
[Site "IECG email"]
[Date "2001.10.03"]
[Round "1"]
[White "Monasterio, Manuel"]
[Black "Maiffret, Patrick"]
[Result "1-0"]
[WhiteElo "2115"]
[BlackElo "2083"]
[PlyCount "77"]
[EventDate "2001.10.03"]
[EventType "tourn (corr)"]
[EventRounds "6"]
[SourceTitle "Corr 2024"]
[Source "ChessBase"]
[SourceDate "2023.10.19"]
[SourceVersion "1"]
[SourceVersionDate "2023.10.19"]
[SourceQuality "1"]

1. e4 e6 2. d4 d5 3. Nd2 Nf6 4. e5 Nfd7 5. f4 c5 6. c3 Nc6 7. Ndf3 Qb6 8. a3 Be7 9. b4 cxd4 10. cxd4 f6 11. Bd3 0-0 12. Ne2 fxe5 13. dxe5 Rf7 14. h4 h6 15. Bg6 Rf8 16. Qd3 Rd8 17. Be3 Qc7 18. Rc1 Nf8 19. Bh5 Bd7 20. 0-0 a6 21. Ned4 Rac8 22. Bg4 Qb8 23. g3 Nxd4 24. Nxd4 Rxc1 25. Rxc1 Kf7 26. Qf1 Kg8 27. Qd3 Kf7 28. h5 Rc8 29. Rxc8 Bxc8 30. Qc2 Bd7 31. Bf3 Qc8 32. Qxc8 Bxc8 33. f5 Bd8 34. fxe6+ Bxe6 35. Nxe6 Kxe6 36. Bc5 Nh7 37. Bd6 Ng5 38. Bg4+ Kf7 39. Bc8 1-0